Normal view
MARC view
Entry Topical Term
001 - CONTROL NUMBER
- control field: 52332
003 - CONTROL NUMBER IDENTIFIER
- control field: ARRUPE
005 - DATE AND TIME OF LATEST TRANSACTION
- control field: 20230420144527.0
008 - FIXED-LENGTH DATA ELEMENTS
- fixed length control field: 230420|| aca||aabn | a|a d
040 ## - CATALOGING SOURCE
- Original cataloging agency: ARRUPE
- Transcribing agency: ARRUPE
150 ## - HEADING--TOPICAL TERM
- Topical term or geographic name as entry element: Hegel,Georg Wilhelm Friefrick;
- Form subdivision: contributions in interpretation of Socrates
- Chronological subdivision: 1770-1831
670 ## - SOURCE DATA FOUND
- Source citation: Work cat.: (ARRUPE)131746: Harrison.R. Paul 52331, The disenchantment of reason;